100 truyện ngắn danh nhân dã sử
Tập 2 sưu tập các truyện dã sử thời Lê và thời Tây Sơn
Đã lưu trong:
| 主要作者: | |
|---|---|
| 格式: | 图书 |
| 语言: | Undetermined |
| 出版: |
Hà Nội
Hội nhà văn
1999
|
| 主题: | |
| 标签: |
添加标签
没有标签, 成为第一个标记此记录!
|
| Thư viện lưu trữ: | Trung tâm Học liệu Trường Đại học Cần Thơ |
|---|
| LEADER | 00738nam a2200229Ia 4500 | ||
|---|---|---|---|
| 001 | CTU_37527 | ||
| 008 | 210402s9999 xx 000 0 und d | ||
| 020 | |b 36.000đ | ||
| 020 | |c 36000 | ||
| 082 | |a 895.9223 | ||
| 082 | |b Ph500/T.2 | ||
| 100 | |a Ngô, Văn Phú | ||
| 245 | 0 | |a 100 truyện ngắn danh nhân dã sử | |
| 245 | 0 | |c Ngô Văn Phú | |
| 260 | |a Hà Nội | ||
| 260 | |b Hội nhà văn | ||
| 260 | |c 1999 | ||
| 520 | |a Tập 2 sưu tập các truyện dã sử thời Lê và thời Tây Sơn | ||
| 650 | |a Historical fiction | ||
| 650 | |z Vietnamese | ||
| 904 | |i Nguyễn Quang Điền, Q. Hiếu (sửa) | ||
| 980 | |a Trung tâm Học liệu Trường Đại học Cần Thơ | ||